| 000 | 00508nam a2200169 a 4500 | ||
|---|---|---|---|
| 005 | 20230512063637.0 | ||
| 008 | 991125s1919 mx 000 0 spa u | ||
| 035 | _aUPN01000013498 | ||
| 049 | _aCE | ||
| 050 | 4 |
_aF1227.2 _bC6.3 |
|
| 100 | 1 | _aConde de Fox | |
| 245 | 1 | 0 |
_aDe México a Necaxa / _cpor el Conde de Fox ; pról. Jesús Romero Flores. |
| 260 |
_aMéxico : _bImpresora Mexicana, _c1919. |
||
| 300 | _a267 p., [12] h. de láms. | ||
| 651 | 4 |
_aMéxico _xDescripción y viajes _910016 |
|
| 905 | _aLibro | ||
| 999 |
_c13498 _d13498 |
||